ÇALINAN MEKTUP (Record no. 985112)

MARC details
000 -LEADER
sabit uzunluktaki kontrol alanı 00240nam a2200097Ia 4500
001 - KONTROL NUMARASI
kontrol alanı 985112
005 - EN SON İŞLEMİN TARİH VE ZAMANI
kontrol alanı 20250826221037.0
008 - SABİT-UZUNLUKTA VERİ ÖĞELERİ--GENEL BİLGİ
sabit uzunluktaki kontrol alanı 250824s9999 xx 000 0 und d
245 #0 - ESER / YAZAR
ESER ADI ÇALINAN MEKTUP
Yazar Adı EDGAR ALLAN POE
260 ## - YAYIN, DAĞITIM, VB.
YAYIN EVİ KETEBE YAYINLARI

No items available.